A Text Book of Fluid Mechanics (Record no. 1079)
[ view plain ]
| 000 -LEADER | |
|---|---|
| fixed length control field | 00334nam a2200133Ia 4500 |
| 008 - FIXED-LENGTH DATA ELEMENTS--GENERAL INFORMATION | |
| fixed length control field | 191201s2005 xx 000 0 und d |
| 082 ## - DEWEY DECIMAL CLASSIFICATION NUMBER | |
| Classification number | 620.1 |
| Item number | RAT |
| 100 ## - MAIN ENTRY--PERSONAL NAME | |
| Personal name | Rajput, R K |
| 245 #2 - TITLE STATEMENT | |
| Title | A Text Book of Fluid Mechanics |
| 260 ## - PUBLICATION, DISTRIBUTION, ETC. (IMPRINT) | |
| Place of publication, distribution, etc | N.Delhi |
| Name of publisher, distributor, etc | S Chand and Co. Ltd. |
| Date of publication, distribution, etc | 2005 |
| 300 ## - PHYSICAL DESCRIPTION | |
| Extent | 876 |
| 650 ## - SUBJECT ADDED ENTRY--TOPICAL TERM | |
| Topical term or geographic name as entry element | B.Tech(ME) |
| 942 ## - ADDED ENTRY ELEMENTS (KOHA) | |
| Source of classification or shelving scheme | Dewey Decimal Classification |
| Koha item type | Text Books |
| 942 ## - ADDED ENTRY ELEMENTS (KOHA) | |
| -- | 2 |
| Withdrawn status | Lost status | Source of classification or shelving scheme | Damaged status | Not for loan | Collection code | Home library | Current library | Date acquired | Source of acquisition | Cost, normal purchase price | Bill Number | Total Checkouts | Full call number | Acc. no. / Barcode | Checked out | Date last seen | Bill Date | Koha item type | Date last borrowed |
|---|---|---|---|---|---|---|---|---|---|---|---|---|---|---|---|---|---|---|---|
| Dewey Decimal Classification | B.Tech(ME) | PIET C-LIBRARY | PIET C-LIBRARY | 10/08/2006 | UDH, Delhi | 275.00 | CM 4732 | 620.106 RAT | 1355 | 29/11/2018 | 04/12/2019 | 22/08/2005 | Text Books | ||||||
| Dewey Decimal Classification | B.Tech(ME) | PIET C-LIBRARY | PIET C-LIBRARY | 10/08/2006 | UDH, Delhi | 275.00 | CM 4732 | 2 | 620.106 RAT | 1356 | 05/06/2024 | 22/08/2005 | Text Books | 31/05/2024 | |||||
| Dewey Decimal Classification | B.Tech(ME) | PIET C-LIBRARY | PIET C-LIBRARY | 10/08/2006 | UDH, Delhi | 275.00 | CM 4732 | 620.106 RAT | 1357 | 04/12/2019 | 22/08/2005 | Text Books | |||||||
| Dewey Decimal Classification | B.Tech(ME) | PIET C-LIBRARY | PIET C-LIBRARY | 10/08/2006 | UDH, Delhi | 275.00 | CM 4732 | 1 | 620.106 RAT | 1358 | 15/06/2022 | 22/08/2005 | Text Books | 30/05/2022 |